<?xml version="1.0" encoding="UTF-8"?>
<record
    xmlns:xsi="http://www.w3.org/2001/XMLSchema-instance"
    xsi:schemaLocation="http://www.loc.gov/MARC21/slim http://www.loc.gov/standards/marcxml/schema/MARC21slim.xsd"
    xmlns="http://www.loc.gov/MARC21/slim">

  <leader>01237nam0a2200349   4500</leader>
  <controlfield tag="001">RU\NLR\bibl\1415272</controlfield>
  <controlfield tag="005">20250615212610.0</controlfield>
  <datafield tag="010" ind1=" " ind2=" ">
    <subfield code="a">978-5-17-060263-6</subfield>
    <subfield code="b">&#x410;&#x421;&#x422;</subfield>
  </datafield>
  <datafield tag="010" ind1=" " ind2=" ">
    <subfield code="a">978-5-403-01536-3</subfield>
    <subfield code="b">&#x410;&#x421;&#x422; &#x41C;&#x41E;&#x421;&#x41A;&#x412;&#x410;</subfield>
    <subfield code="9">14000</subfield>
  </datafield>
  <datafield tag="021" ind1=" " ind2=" ">
    <subfield code="a">RU</subfield>
    <subfield code="b">2009-56275</subfield>
    <subfield code="9">3469</subfield>
  </datafield>
  <datafield tag="035" ind1=" " ind2=" ">
    <subfield code="a">(nilc)IZD\AST\2007\933526</subfield>
  </datafield>
  <datafield tag="035" ind1=" " ind2=" ">
    <subfield code="a">(NLR Aleph) 001407240</subfield>
  </datafield>
  <datafield tag="090" ind1=" " ind2=" ">
    <subfield code="a">1259777</subfield>
    <subfield code="c">1259777</subfield>
  </datafield>
  <datafield tag="100" ind1=" " ind2=" ">
    <subfield code="a">20090820d2009    |||y0rusy50      ca</subfield>
  </datafield>
  <datafield tag="101" ind1="1" ind2=" ">
    <subfield code="a">rus</subfield>
    <subfield code="c">eng</subfield>
  </datafield>
  <datafield tag="102" ind1=" " ind2=" ">
    <subfield code="a">RU</subfield>
  </datafield>
  <datafield tag="105" ind1=" " ind2=" ">
    <subfield code="a">y   |||||||||</subfield>
  </datafield>
  <datafield tag="200" ind1="1" ind2=" ">
    <subfield code="a">&#x421;&#x442;&#x440;&#x430;&#x43D;&#x43D;&#x43E;&#x441;&#x442;&#x438; &#x43B;&#x44E;&#x431;&#x432;&#x438;</subfield>
    <subfield code="e">&#x440;&#x43E;&#x43C;&#x430;&#x43D;</subfield>
    <subfield code="f">&#x414;&#x436;&#x435;&#x43D;&#x43D;&#x430; &#x41F;&#x438;&#x442;&#x435;&#x440;&#x441;&#x435;&#x43D;</subfield>
    <subfield code="g">[&#x43F;&#x435;&#x440;. &#x441; &#x430;&#x43D;&#x433;&#x43B;. &#x41C;.&#x413;. &#x41B;&#x443;&#x43F;&#x43F;&#x43E;]</subfield>
  </datafield>
  <datafield tag="210" ind1=" " ind2=" ">
    <subfield code="a">&#x41C;&#x43E;&#x441;&#x43A;&#x432;&#x430;</subfield>
    <subfield code="c">&#x410;&#x421;&#x422;</subfield>
    <subfield code="c">&#x410;&#x421;&#x422; &#x41C;&#x41E;&#x421;&#x41A;&#x412;&#x410;</subfield>
    <subfield code="d">2009</subfield>
  </datafield>
  <datafield tag="215" ind1=" " ind2=" ">
    <subfield code="a">317, [1] &#x441;.</subfield>
    <subfield code="d">17</subfield>
  </datafield>
  <datafield tag="225" ind1="1" ind2=" ">
    <subfield code="a">&#x41E;&#x447;&#x430;&#x440;&#x43E;&#x432;&#x430;&#x43D;&#x438;&#x435;</subfield>
  </datafield>
  <datafield tag="225" ind1="1" ind2=" ">
    <subfield code="a">&#x41C;&#x438;&#x43D;&#x438;-&#x448;&#x430;&#x440;&#x43C;</subfield>
  </datafield>
  <datafield tag="686" ind1=" " ind2=" ">
    <subfield code="a">0661</subfield>
    <subfield code="a">&#x417;&#x430;&#x440;&#x443;&#x431;&#x435;&#x436;&#x43D;&#x430;&#x44F; &#x441;&#x435;&#x43D;&#x442;&#x438;&#x43C;&#x435;&#x43D;&#x442;&#x430;&#x43B;&#x44C;&#x43D;&#x430;&#x44F; &#x43B;&#x438;&#x442;&#x435;&#x440;&#x430;&#x442;&#x443;&#x440;&#x430;</subfield>
    <subfield code="2">TCC-BG</subfield>
  </datafield>
  <datafield tag="686" ind1=" " ind2=" ">
    <subfield code="a">84(7&#x421;&#x43E;&#x435;)-44</subfield>
    <subfield code="v">LBC/PL</subfield>
    <subfield code="2">rubbk</subfield>
  </datafield>
  <datafield tag="686" ind1=" " ind2=" ">
    <subfield code="a">&#x428;6(7&#x421;&#x428;&#x410;)67-440.4{&#x41B;&#x445;1979-50}</subfield>
  </datafield>
  <datafield tag="700" ind1=" " ind2="1">
    <subfield code="a">&#x41F;&#x438;&#x442;&#x435;&#x440;&#x441;&#x435;&#x43D;</subfield>
    <subfield code="b">&#x414;.</subfield>
    <subfield code="g">&#x414;&#x436;&#x435;&#x43D;&#x43D;&#x430;</subfield>
    <subfield code="4">070</subfield>
  </datafield>
  <datafield tag="801" ind1=" " ind2="0">
    <subfield code="a">RU</subfield>
    <subfield code="b">&#x41B;&#x418;&#x411;&#x41D;&#x415;&#x422;</subfield>
    <subfield code="c">20090820</subfield>
  </datafield>
  <datafield tag="801" ind1=" " ind2="1">
    <subfield code="a">RU</subfield>
    <subfield code="b">&#x426;&#x423;&#x41D;&#x411; &#x41C;&#x43E;&#x441;&#x43A;&#x432;&#x430;</subfield>
    <subfield code="c">20090904</subfield>
    <subfield code="2">rusmarc</subfield>
  </datafield>
  <datafield tag="801" ind1=" " ind2="2">
    <subfield code="a">RU</subfield>
    <subfield code="b">NLR</subfield>
    <subfield code="c">20090922</subfield>
    <subfield code="g">rcr</subfield>
  </datafield>
  <datafield tag="942" ind1=" " ind2=" ">
    <subfield code="c">BOOK</subfield>
  </datafield>
  <datafield tag="980" ind1=" " ind2=" ">
    <subfield code="a">NB</subfield>
  </datafield>
  <datafield tag="995" ind1=" " ind2=" ">
    <subfield code="5">2009-09-22</subfield>
    <subfield code="a">ad</subfield>
    <subfield code="b">NLR01</subfield>
    <subfield code="c">NLR01</subfield>
    <subfield code="e">RF9</subfield>
    <subfield code="f">2998973</subfield>
    <subfield code="k">2009-2/4793</subfield>
    <subfield code="o">0</subfield>
    <subfield code="r">BOOK</subfield>
    <subfield code="s">200924793_</subfield>
  </datafield>
  <datafield tag="995" ind1=" " ind2=" ">
    <subfield code="5">2009-09-22</subfield>
    <subfield code="a">ad</subfield>
    <subfield code="b">NLR01</subfield>
    <subfield code="c">NLR01</subfield>
    <subfield code="e">OBM</subfield>
    <subfield code="f">2998974</subfield>
    <subfield code="o">0</subfield>
    <subfield code="r">BOOK</subfield>
  </datafield>
</record>
